ՀՀ Գիտությունների ազգային ակադեմիայի հիմնարար գիտական գրադարան  =   Fundamental Scientific Library of NAS RA

Խոնարհները / (Record no. 111589)

MARC details
000 -LEADER
fixed length control field 00603nam a2200193 u 4500
001 - CONTROL NUMBER
control field 000302916
003 - CONTROL NUMBER IDENTIFIER
control field AM-YeHGA
005 - DATE AND TIME OF LATEST TRANSACTION
control field 20250618071940.0
008 - FIXED-LENGTH DATA ELEMENTS--GENERAL INFORMATION
fixed length control field 040124s1920 ||||||||||||||||||||arm|c
040 ## - CATALOGING SOURCE
Original cataloging agency AM-YeHGA
041 0# - LANGUAGE CODE
Language code of text/sound track or separate title arm
090 ## - LOCALLY ASSIGNED LC-TYPE CALL NUMBER (OCLC); LOCAL CALL NUMBER (RLIN)
-- 112926
100 1# - MAIN ENTRY--PERSONAL NAME
Personal name Օշական, Հակոբ,
Dates associated with a name 1883-1948
9 (RLIN) 4922
245 10 - TITLE STATEMENT
Title Խոնարհները /
Statement of responsibility, etc. Յ. Օշական.
260 ## - PUBLICATION, DISTRIBUTION, ETC.
Place of publication, distribution, etc. Կ. Պոլիս :
Name of publisher, distributor, etc. Կիլիկիա,
Date of publication, distribution, etc. 1920.
300 ## - PHYSICAL DESCRIPTION
Dimensions 19 սմ.
505 10 - FORMATTED CONTENTS NOTE
Miscellaneous information Հ. Ա (1920, 122 էջ) :
Title Տօգսանը, Տօպիճը, Պաղտօն
650 14 - SUBJECT ADDED ENTRY--TOPICAL TERM
Topical term or geographic name entry element Հայ գրականություն
General subdivision Պատմվածք
Holdings
Withdrawn status Lost status Source of classification or shelving scheme Damaged status Not for loan Collection Home library Current library Date acquired Total checkouts Full call number Barcode Date last seen Price effective from Koha item type Public note
    Universal Decimal Classification     Pogharian Individual Collection Fundamental Scientific Library Fundamental Scientific Library 22/12/2016   Պող/1801 FL0337991 22/12/2016 22/12/2016 Գրքեր / Books ILL Non-Circ.


ՀՀ ԳԱԱ հիմնարար գիտական գրադարան
ՀՀ,Երևան 0019
Մարշալ Բաղրամյան 24/6
հեռախոս:(374-10) 52-47-50
Հետադարձ կապ

All site content, except where otherwise noted, is licensed under a
Creative Commons License